[Event "SVK-chT5 SE-SI 2122"]
[Site "Slovakia"]
[Date "2022.05.07"]
[Round "9.5"]
[White "Kottnerova, Terezia"]
[Black "Hudec, Tomas"]
[Result "0-1"]
[WhiteElo "1058"]
[BlackElo "1181"]
[PlyCount "156"]
[EventDate "2021.11.06"]
[EventType "team-tourn"]
[EventRounds "9"]
[EventCountry "SVK"]
[SourceTitle "EXT 2024"]
[Source "ChessBase"]
[SourceDate "2023.10.10"]
[SourceVersion "1"]
[SourceVersionDate "2023.10.10"]
[SourceQuality "1"]
[WhiteTeam "Petrova Ves II"]
[BlackTeam "Skalica III"]
[WhiteTeamCountry "SVK"]
[BlackTeamCountry "SVK"]

1. e4 e5 2. Nf3 Nc6 3. d4 exd4 4. Nxd4 Nf6 5. Nxc6 bxc6 6. Nc3 Bb4 7. Bd2 Qe7 8. Bd3 Bxc3 9. Bxc3 Nxe4 10. Qe2 d5 11. Bxg7 Rg8 12. Bh6 Rxg2 13. Be3 Bf5 14. Qf1 Rg4 15. f3 Ng3 16. hxg3 Qxe3+ 17. Qe2 Qxe2+ 18. Kxe2 Bxd3+ 19. Kxd3 Rxg3 20. Raf1 Rb8 21. b3 Rb4 22. Ke2 Rg2+ 23. Rf2 Rxf2+ 24. Kxf2 Rd4 25. Ke3 c5 26. Rxh7 Ke7 27. c3 Rd1 28. Rh4 Re1+ 29. Kd2 Rg1 30. Ra4 Rg2+ 31. Ke3 f6 32. Rxa7 Kd6 33. b4 c4 34. Kf4 Rg6 35. Kf5 Rh6 36. Ra6+ c6 37. b5 Kc5 38. bxc6 Rh7 39. Kxf6 Kb5 40. Ra8 Kxc6 41. Ke5 Rh5+ 42. Kd4 Rh4+ 43. Ke5 d4 44. cxd4 Kb5 45. a4+ Kb4 46. d5 c3 47. a5 c2 48. Rc8 Rc4 49. Rxc4+ Kxc4 50. d6 c1Q 51. d7 Qg5+ 52. Ke6 Qd8 53. a6 Kc5 54. f4 Kc6 55. f5 Qxd7+ 56. Kf6 Kb6 57. Kg6 Kxa6 58. f6 Qe8+ 59. f7 Qf8 60. Kf6 Kb7 61. Ke6 Kc7 62. Kf6 Kd7 63. Kg6 Ke7 64. Kf5 Qxf7+ 65. Ke5 Qe6+ 66. Kd4 Qf5 67. Kc4 Qe5 68. Kd3 Qf4 69. Kc3 Qe4 70. Kb3 Qd4 71. Kc2 Qe3 72. Kb2 Qd3 73. Kc1 Qe2 74. Kb1 Kd6 75. Kc1 Kc5 76. Kb1 Kb4 77. Kc1 Kb3 78. Kb1 Qb2# 0-1

[Event "SVK-chT2 5th B02 corr"]
[Site "Slovakia"]
[Date "2002.03.01"]
[Round "2"]
[White "Hudec, Tomas"]
[Black "Nalepovic, Jozef"]
[Result "0-1"]
[WhiteElo "1600"]
[BlackElo "2080"]
[PlyCount "54"]
[EventDate "2002.??.??"]
[EventType "team (corr)"]
[EventRounds "10"]
[EventCountry "SVK"]
[SourceTitle "Corr 2004"]
[Source "ChessBase"]
[SourceDate "2003.04.28"]
[SourceVersion "3"]
[SourceVersionDate "2003.04.28"]
[SourceQuality "1"]

1. c4 Nf6 2. Nc3 e6 3. e4 d5 4. e5 Nfd7 5. d4 c6 6. Nf3 Be7 7. Be2 0-0 8. 0-0 dxc4 9. Bxc4 c5 10. Re1 Nc6 11. d5 Nb6 12. dxc6 Nxc4 13. Qe2 Nb6 14. cxb7 Bxb7 15. Ne4 Bxe4 16. Qxe4 Qd5 17. Qc2 Rfd8 18. Bg5 Bxg5 19. Nxg5 g6 20. Rad1 Qxa2 21. Qxc5 Rxd1 22. Rxd1 h6 23. Ne4 Qxb2 24. Nf6+ Kg7 25. f4 Rc8 26. Qe7 Qe2 27. Qd6 Nd5 0-1

[Event "SVK-chT2 5th B02 corr"]
[Site "Slovakia"]
[Date "2002.03.01"]
[Round "1"]
[White "Hudec, Tomas"]
[Black "Roth, Peter1"]
[Result "0-1"]
[WhiteElo "1600"]
[BlackElo "1761"]
[PlyCount "44"]
[EventDate "2002.??.??"]
[EventType "team (corr)"]
[EventRounds "10"]
[EventCountry "SVK"]
[SourceTitle "Corr 2004"]
[Source "ChessBase"]
[SourceDate "2003.04.28"]
[SourceVersion "3"]
[SourceVersionDate "2003.04.28"]
[SourceQuality "1"]

1. c4 Nf6 2. Nc3 e6 3. e4 c5 4. e5 Ng8 5. d4 cxd4 6. Qxd4 Nc6 7. Qe4 f5 8. Qe2 a6 9. Bd2 Qc7 10. f4 Nh6 11. Nf3 Nf7 12. g3 d6 13. exd6 Bxd6 14. Bg2 0-0 15. 0-0 Rd8 16. Rad1 Bd7 17. Rfe1 Rac8 18. b3 e5 19. Nd5 Qb8 20. Kh1 e4 21. Ng5 Nxg5 22. fxg5 Nd4 0-1

[Event "SVK-chT2 5th B02 corr"]
[Site "Slovakia"]
[Date "2002.03.01"]
[Round "2"]
[White "Hudec, Tomas"]
[Black "Vrana, Lubomir"]
[Result "0-1"]
[WhiteElo "1600"]
[BlackElo "2101"]
[PlyCount "68"]
[EventDate "2002.??.??"]
[EventType "team (corr)"]
[EventRounds "10"]
[EventCountry "SVK"]
[SourceTitle "Corr 2004"]
[Source "ChessBase"]
[SourceDate "2003.04.28"]
[SourceVersion "3"]
[SourceVersionDate "2003.04.28"]
[SourceQuality "1"]

1. c4 c5 2. Nc3 Nc6 3. g3 g6 4. Bg2 Bg7 5. Nf3 e5 6. 0-0 d6 7. d3 Nge7 8. a3 0-0 9. Rb1 f5 10. Ne1 Be6 11. Nd5 Rc8 12. Nc2 Qd7 13. Nce3 f4 14. Nxe7+ Nxe7 15. Nd5 Nxd5 16. cxd5 Bh3 17. b4 Bxg2 18. Kxg2 Qf7 19. Qb3 cxb4 20. axb4 f3+ 21. exf3 Qxf3+ 22. Kg1 a6 23. Be3 e4 24. d4 Ra8 25. Qa4 Qh5 26. Rbc1 Qxd5 27. Qd7 Rad8 28. Qe7 Bf6 29. Qc7 Rf7 30. Qc3 Bg7 31. Rc2 Qf5 32. Rfc1 Ra8 33. Qb3 d5 34. Qc3 Bf8 0-1

[Event "SVK-chT2 5th B02 corr"]
[Site "Slovakia"]
[Date "2002.03.01"]
[Round "1"]
[White "Nalepovic, Jozef"]
[Black "Hudec, Tomas"]
[Result "1/2-1/2"]
[WhiteElo "1780"]
[BlackElo "1600"]
[PlyCount "50"]
[EventDate "2002.??.??"]
[EventType "team (corr)"]
[EventRounds "10"]
[EventCountry "SVK"]
[SourceTitle "Corr 2004"]
[Source "ChessBase"]
[SourceDate "2003.04.28"]
[SourceVersion "3"]
[SourceVersionDate "2003.04.28"]
[SourceQuality "1"]

1. c4 f5 2. Nc3 Nf6 3. d4 e6 4. g3 d5 5. Bg2 c6 6. Nf3 Bd6 7. 0-0 0-0 8. Qc2 Ne4 9. Bf4 Bxf4 10. gxf4 Nd7 11. c5 Kh8 12. e3 Rg8 13. Ne5 Nxe5 14. fxe5 g5 15. Nxe4 dxe4 16. f3 exf3 17. Rxf3 g4 18. Rf4 Qg5 19. Qf2 Bd7 20. Qg3 Rg7 21. e4 fxe4 22. Bxe4 Rag8 23. Bd3 Qh5 24. Raf1 Qh3 25. Rf6 Qxg3+ 1/2-1/2

[Event "SVK-chT2 5th B02 corr"]
[Site "Slovakia"]
[Date "2002.03.01"]
[Round "1"]
[White "Vrana, Lubomir"]
[Black "Hudec, Tomas"]
[Result "1-0"]
[WhiteElo "2101"]
[BlackElo "1600"]
[PlyCount "63"]
[EventDate "2002.??.??"]
[EventType "team (corr)"]
[EventRounds "10"]
[EventCountry "SVK"]
[SourceTitle "Corr 2004"]
[Source "ChessBase"]
[SourceDate "2003.04.28"]
[SourceVersion "3"]
[SourceVersionDate "2003.04.28"]
[SourceQuality "1"]

1. d4 f5 2. g3 e6 3. Bg2 Nf6 4. Nf3 d5 5. 0-0 c6 6. c4 Bd6 7. Nc3 0-0 8. Qc2 Ne4 9. Rb1 Bd7 10. Ne5 Be8 11. Bf4 h6 12. Rbc1 g5 13. Be3 Nd7 14. f4 Nxc3 15. Nxd7 Bxd7 16. Qxc3 g4 17. Bd2 h5 18. e3 Rf6 19. Qd3 Rh6 20. Be1 Be7 21. a3 h4 22. Bb4 Bxb4 23. axb4 dxc4 24. Qxc4 h3 25. Bh1 a6 26. Ra1 Rc8 27. Ra5 Rf6 28. e4 Kh8 29. Re1 fxe4 30. Rh5+ Kg7 31. Bxe4 Be8 32. Rg5+ 1-0